000 00679nam a22001937a 4500
005 20251108170931.0
008 250721s1975 xx 000 0 ara d
082 1 4 _a218.6/بست
100 1 _aالبستي، أبو حاتم محمد بن حيان
245 1 0 _aروضة العقلاء و نزهة الفضلاء /
264 1 _aبيروت :
_bدار الكتب العلمية،
_c1975.
300 _a289ص
650 1 7 _aالأخلاق الإسلامية
700 1 _aعبد الحميد، محمد محيي الدين
_eتحقيق
700 1 _aحمزة، محمد عبد الرزاق
700 1 _aالفقي، محمد حامد
942 _2ddc
_cBK
999 _c52458
_d52458